Riešené štatistické príklady v LOTUS 1 - 2 - 3 profesionálne osobné počítače

Na minha lista:
Detalhes bibliográficos
Formato: Livro
Idioma:eslovaco
Publicado em: Bratislava VŠE 1989
Tags: Adicionar Tag
Sem tags, seja o primeiro a adicionar uma tag!

MARC

LEADER 00000nam a2200000 4500
001 c022077
005 20260326073546.1
041 0 |a slo 
044 |a SK 
245 1 0 |a Riešené štatistické príklady v LOTUS 1 - 2 - 3  |b profesionálne osobné počítače 
264 1 |a Bratislava  |b VŠE  |c 1989 
300 |a 70 s.